Marketingové řízení cesta k úspěšnému přežití firmy. Mistrovský list.
Marketing už nie je prostriedok, ktorý by mal tlmiť nárazy trhu na firemnú organizáciu. Tradičné spôsoby riadenia strácajú účinnosť. Nastupuje nová generácia firiem, ktorých často meteorický vzostup je založený na totálnom marketingovom riadení. Marketing prestupuje celú organizáciu, stáva sa jednot...
Guardado en:
| Autor principal: | |
|---|---|
| Formato: | Capítulo de libro |
| Lenguaje: | checo |
| Materias: | |
| Etiquetas: |
Sin Etiquetas, Sea el primero en etiquetar este registro!
|
MARC
| LEADER | 00000naa a2200000 4500 | ||
|---|---|---|---|
| 001 | r012349 | ||
| 005 | 20220826093952.3 | ||
| 041 | 0 | |a cze | |
| 044 | |a SK | ||
| 245 | 1 | 0 | |a Marketingové řízení cesta k úspěšnému přežití firmy. |b Mistrovský list. |c I. Bureš |
| 520 | |a Marketing už nie je prostriedok, ktorý by mal tlmiť nárazy trhu na firemnú organizáciu. Tradičné spôsoby riadenia strácajú účinnosť. Nastupuje nová generácia firiem, ktorých často meteorický vzostup je založený na totálnom marketingovom riadení. Marketing prestupuje celú organizáciu, stáva sa jednotiacou, dynamizujúcou silou. Výklad hlavných podmienok dosahovania špičkových výkonov v podniku. | ||
| 610 | 2 | 0 | |a marketing |
| 610 | 2 | 0 | |a firmy |
| 610 | 2 | 0 | |a riadenie podnikové |
| 610 | 2 | 0 | |a podnikanie |
| 100 | 1 | |a Bureš, I. | |